01025nam a2200181Ia 450000500170000000800410001704000440005804100080010208200170011010000420012724500810016926000510025030000350030150004220033650500140075850600210077265000500079320170623112311.0130821s1927 ck a|||frd| 0 dspa  aCo-BoUCMbspacSandra YazodSandra Yazo00aspa04aR 920.032201 aOspina Vallejo, Joaquín d1875-195100aDiccionario biográfico y bibliográfico de Colombiacpor Joaquín Ospina aBogotá (Colombia)bEditorial de Cromosc1927 a828, [3] páginasc24 x17 cm. aDetalles físicos: Encuadernación rígida en cartón forrado en tela, lomo con datos de publicación en tinta negra, notoria rotura que afecta al lomo y a la tapa delantera. Guardas. Anteportada. Portada impresa en una sola tinta. Texto impreso en una sola columna, algunas fotos de los biografiados en blanco y negro. Ejemplar desencuadernado, varias hojas sueltas y con bordes oxidados. Colección incompleta aV.1 : A-F aConsulta en sala 7aBibliografíasvDiccionarios y enciclopedias